<?xml version="1.0" encoding="UTF-8"?>
<record
    xmlns:xsi="http://www.w3.org/2001/XMLSchema-instance"
    xsi:schemaLocation="http://www.loc.gov/MARC21/slim http://www.loc.gov/standards/marcxml/schema/MARC21slim.xsd"
    xmlns="http://www.loc.gov/MARC21/slim">

  <leader>01655cam a2200277   4500500</leader>
  <controlfield tag="005">20260329001909.0</controlfield>
  <datafield tag="041" ind1=" " ind2=" ">
    <subfield code="a">fre</subfield>
  </datafield>
  <datafield tag="042" ind1=" " ind2=" ">
    <subfield code="a">dc</subfield>
  </datafield>
  <datafield tag="100" ind1="1" ind2="0">
    <subfield code="a">Reyre, R&#xE9;my</subfield>
    <subfield code="e">author</subfield>
  </datafield>
  <datafield tag="245" ind1="0" ind2="0">
    <subfield code="a">Volver a la fuente corporal: el encuentro con un paciente autista</subfield>
  </datafield>
  <datafield tag="260" ind1=" " ind2=" ">
    <subfield code="c">2021.
							</subfield>
  </datafield>
  <datafield tag="500" ind1=" " ind2=" ">
    <subfield code="a">62</subfield>
  </datafield>
  <datafield tag="520" ind1=" " ind2=" ">
    <subfield code="a">Como lo afirm&#xF3; Anzieu (1974, 195), nuestra sociedad contempor&#xE1;nea pretender&#xED;a suplantar el cuerpo. Por lo tanto, convertir&#xED;a lo impensado sexual en una preocupaci&#xF3;n obsoleta, para finalmente reemplazarlo por el del cuerpo. Sin embargo, a fuerza de querer liberarse de ese cuerpo que se hab&#xED;a vuelto estorboso y molesto, volver&#xED;a con una demanda imperiosa de concreci&#xF3;n. La crisis sanitaria evidencia este estado de cosas, en el tiempo necesario del impacto traum&#xE1;tico. El autor propone volver a una presentaci&#xF3;n de la posici&#xF3;n que ocupa el cuerpo en la teor&#xED;a y la metodolog&#xED;a psicoanal&#xED;tica. Tambi&#xE9;n intentar&#xE1; aclarar su estatus epistemol&#xF3;gico. Por &#xFA;ltimo, ilustrar&#xE1; sus hip&#xF3;tesis con el relato de una terapia con un adolescente autista, que pudo llevar a cabo un proceso transferencial a trav&#xE9;s de la mediaci&#xF3;n del tacto terap&#xE9;utico.</subfield>
  </datafield>
  <datafield tag="690" ind1=" " ind2=" ">
    <subfield code="a">autismo</subfield>
  </datafield>
  <datafield tag="690" ind1=" " ind2=" ">
    <subfield code="a">concreci&#xF3;n</subfield>
  </datafield>
  <datafield tag="690" ind1=" " ind2=" ">
    <subfield code="a">crisis sanitaria</subfield>
  </datafield>
  <datafield tag="690" ind1=" " ind2=" ">
    <subfield code="a">cuerpo</subfield>
  </datafield>
  <datafield tag="690" ind1=" " ind2=" ">
    <subfield code="a">tacto terap&#xE9;utico</subfield>
  </datafield>
  <datafield tag="690" ind1=" " ind2=" ">
    <subfield code="a">autism</subfield>
  </datafield>
  <datafield tag="690" ind1=" " ind2=" ">
    <subfield code="a">body</subfield>
  </datafield>
  <datafield tag="690" ind1=" " ind2=" ">
    <subfield code="a">concreteness</subfield>
  </datafield>
  <datafield tag="690" ind1=" " ind2=" ">
    <subfield code="a">health crisis</subfield>
  </datafield>
  <datafield tag="690" ind1=" " ind2=" ">
    <subfield code="a">touch therapy</subfield>
  </datafield>
  <datafield tag="786" ind1="0" ind2=" ">
    <subfield code="n">La psychiatrie de l'enfant | 64 | 2 | 2021-09-22 | p. 197-211 | 0079-726X</subfield>
  </datafield>
  <datafield tag="856" ind1="4" ind2="1">
    <subfield code="u">https://shs.cairn.info/revista-la-psychiatrie-de-l-enfant-2021-2-page-197?lang=es&amp;redirect-ssocas=7080</subfield>
  </datafield>
  <datafield tag="999" ind1=" " ind2=" ">
    <subfield code="c">1809753</subfield>
    <subfield code="d">1809753</subfield>
  </datafield>
</record>
